000 00428pab a2200169 454500
008 180718b2008 xxu||||| |||| 00| 0 eng d
100 _aLesorogol, Carolyn K.
245 _aLand privatization and pastoralist well-being in Kenya
260 _c2008
300 _ap.309-31.
362 _aMar
650 _aGrazing land - Kenya
650 _aGrazing land
773 _aDevelopment and Change
908 _aN
909 _a78040
999 _c78040
_d78040